Statistics for NFL Playoff Wins

Click here to take the quiz!

General Stats

  • This quiz has been taken 661 times
    (652 since last reset)
  • The average score is 14 of 17

Answer Stats

Answer% Correct
31New England Patriots
99%
36Pittsburgh Steelers
96%
34Green Bay Packers
93%
34Dallas Cowboys
90%
30San Francisco 49ers
86%
24New York Giants
82%
23Denver Broncos
81%
20Miami Dolphins
78%
19Los Angeles Rams
77%
25Oakland Raiders
77%
15Baltimore Ravens
76%
17Chicago Bears
76%
19Minnesota Vikings
76%
22Indianapolis Colts
75%
16Seattle Seahawks
74%
19Philadelphia Eagles
73%
23Washington Redskins
69%

Score Distribution

Percentile by Number Answered

Percent of People with Each Score

Your Score History

You have not taken this quiz since the last reset